State Road Map - Statistics

General Stats
  • This quiz has been taken 48 times
  • The average score is 14 of 50
Answer Stats
Hint Answer % Correct
HI-1 & HI-2 Hawaii
92%
A-1 & A-2 Alaska
83%
I-5 & I-8 California
64%
US 1 & US 2 Maine
53%
I-10 & I-20 Texas
50%
I-10 & I-17 Arizona
33%
I-25 & I-70 Colorado
33%
I-10 & I-95 Florida
33%
I-35 & I-90 Minnesota
33%
I-35 & I-80 Iowa
31%
I-90 & I-95 Massachusetts
31%
I-44 & I-55 Missouri
31%
I-25 & I-40 New Mexico
31%
I-70 & I-71 Ohio
31%
I-40 & I-44 Oklahoma
31%
I-5 & I-84 Oregon
31%
I-80 & I-81 Pennsylvania
31%
I-25 & I-80 Wyoming
31%
I-35 & I-70 Kansas
28%
I-10 & I-55 Louisiana
28%
I-29 & I-90 South Dakota
28%
I-91 & I-95 Connecticut
25%
I-15 & I-90 Montana
25%
I-15 & US 93 Nevada
25%
I-81 & I-90 New York
25%
I-40 & I-95 North Carolina
25%
I-15 & I-70 Utah
25%
I-39 & I-43 Wisconsin
25%
I-65 & I-80 Indiana
22%
I-94 & I-96 Michigan
22%
I-20 & I-55 Mississippi
22%
I-80 & I-95 New Jersey
22%
I-30 & I-40 Arkansas
19%
I-90 & US 93 Idaho
19%
I-64 & I-75 Kentucky
19%
US 6 & I-95 Rhode Island
19%
I-65 & I-85 Alabama
17%
I-57 & I-72 Illinois
17%
I-29 & I-94 North Dakota
17%
I-24 & I-40 Tennessee
17%
I-85 & I-95 Virginia
17%
I-82 & I-90 Washington
17%
I-16 & I-75 Georgia
14%
I-70 & I-81 Maryland
14%
US 26 & I-80 Nebraska
14%
I-89 & I-93 New Hampshire
14%
I-89 & I-91 Vermont
14%
I-68 & I-79 West Virginia
14%
US 9 & US 13 Delaware
11%
I-26 & I-77 South Carolina
11%
No matching quizzes found
Score Distribution
Percent of People with Each Score
Percentile by Number Answered
Your Score History
You have not taken this quiz